000
00336nam a2200133Ia 4500
008
240624s9999 xx 000 0 und d
041
_a
eng
082
_a
346.048 PRI
100
_a
PRINCE KEVIN
245
_a
ART OF THE PATENT CELEBRATING OVER 200 Y
260
_c
2011
_a
USA
_b
Glassko Press
300
_a
207 p.; 29 cm.
365
_c
_b
38
999
_c
28992
_d
28992